Online
Catalog

L'ecole de l'exegese en droit civil. : (Record no. 1198)

MARC details
000 -CABECERA
campo de control de longitud fija 00543cam a2200145u 4500
001 - NÚMERO DE CONTROL
campo de control 000001255
005 - FECHA Y HORA DE LA ÚLTIMA TRANSACCIÓN
campo de control 20200929145524.0
008 - DATOS DE LONGITUD FIJA--INFORMACIÓN GENERAL
campo de control de longitud fija 850618s1924 fr c 000 0 fre
040 ## - FUENTE DE LA CATALOGACIÓN
Centro catalogador/agencia de origen DO-SdBNP
Lengua de catalogación spa
Centro/agencia transcriptor BNPHU
100 1# - ENTRADA PRINCIPAL--NOMBRE DE PERSONA
Nombre de persona Bonnescase, Julien,
Fechas asociadas al nombre 1878
9 (RLIN) 4263
245 12 - MENCIÓN DE TÍTULO
Título L'ecole de l'exegese en droit civil. :
Resto del título Les traits distinctifs de sa doctrine et de ses methodes d'apres la profession de foi de ses plus illustres representants.
250 ## - MENCIÓN DE EDICIÓN
Mención de edición 2. ed.
260 ## - PUBLICACIÓN, DISTRIBUCIÓN, ETC.
Lugar de publicación, distribución, etc. Paris, :
Nombre del editor, distribuidor, etc. E. de Boccard,
Fecha de publicación, distribución, etc. 1924.
300 ## - DESCRIPCIÓN FÍSICA
Extensión 2 p.l., 285 p. :
Otras características físicas ports. ;
Dimensiones 23 cm.
Holdings
Estado de retiro Estado de pérdida Restricciones de uso No para préstamo Código de colección Localización permanente Ubicación/localización actual Ubicación en estantería Fecha de adquisición Número de inventario Total de préstamos Signatura topográfica completa Código de barras Fecha visto por última vez Precio válido a partir de Tipo de ítem Koha
    Préstamo interno Préstamo en sala Dominicana de Servicio Biblioteca Nacional Pedro Henríquez Ureña Biblioteca Nacional Pedro Henríquez Ureña Depósito 22.09.2009 LF1   1255-10 25.06.2020 25.06.2020 Libros y folletos

Powered by Koha